000 00628cam a22001457a 4500
008 180718b1992 xxu||||| |||| 00| 0 eng d
082 _aB73x54 R813
100 _aRoy Burman, B.K.
245 _aPanchayati raj and tribals
_cby B.K. Roy Burman
260 _aNew Delhi
_bInstitute of Social Sciences
_c1992
300 _a22p.
500 _aA critique of the report of the committee of Members of Parliament and Experts constituted to make Recommendations on Law concerning Extension of Provisions of the Consitution (Seventy-third Amendment) Act, 1992 to Scheduled Areas
650 _aTribes - India
650 _aPanchayat - India
999 _c396711
_d396711